000 01481nam a2200445 i 4500
001 22685
003 KOSZ 005
005 20220117143523.0
008 990506s1984 pl a f |000 0 pol
015 _aUWD 1984/3481
020 _a8304017598
035 _a991009642669705066
035 _a(PL-WaBN)b12607046-48omnis_nlop
035 _ab12607046
035 _a(OCoLC)830239286
035 _a(PL)b0000001260704
035 _a(EXLNZ-48OMNIS_NETWORK)9910353566905606
040 _aWA N
_cWA N
_dKOSZ 005/EG
041 0 _apol
080 _a303
100 1 _aLutyńska, Krystyna
_d(1931-2016)
_eAutor
245 1 0 _aWywiad kwestionariuszowy :
_bprzygotowanie i sprawdzanie narzędzia badawczego /
_cKrystyna Lutyńska.
260 _aWrocław [etc.] :
_bZakład Narodowy im. Ossolińskich,
_c1984.
300 _a221, [2] s. :
_brys. ;
_c21 cm.
336 _2rdacontent
_aTekst
_btxt
337 _2rdamedia
_aBez urządzenia pośredniczącego
_bn
338 _2rdacarrier
_aWolumin
_bnc
380 _aKsiążki
388 _a1901-2000
388 _a1945-1989
504 _aBibliogr. s. 214-221.
650 7 _aAnkieta
_2DBN
650 7 _aSocjologia
_2DBN
650 7 _aMetody badawcze
658 _aSocjologia i społeczeństwo
710 2 _aWydawnictwo Ossolineum
856 _uhttp://koha.tu.koszalin.pl/cgi-bin/koha/opac-detail.pl?biblionumber=22685
_yKatalog online BPK
942 _2UKD
_cKS
999 _c22685
_d22685